000 01149nab a22002657a 4500
999 _c5943
_d5943
003 OSt
005 20260114015349.0
008 190605e xxu||||| |||| 00| 0 spa d
040 _cPJ
100 _95135
_aGabet, Alejandro
245 1 3 _aEl suicidio en el ámbito del trabajo y una aproximación a las decisiones judiciales /
_cAlejandro Gabet.
260 _aCiudad Autónoma de Buenos Aires :
_bThomson Reuters La Ley,
_c2024.
300 _ap. 238-239
500 _aCita: TR LALEY AR/DOC/325/2024.
505 _aFallo comentado: CNTrab., sala I ~ 07/12/2023 ~ B. F., S. y otro c. Provincia ART S.A. s/ accidente - acción civil.
505 _t¿Te interesa el texto completo? Solicitalo al correo: koha@justierradelfuego.gov.ar
650 0 _91316
_aDERECHO LABORAL
650 0 _91323
_aCONTRATO DE TRABAJO
650 0 _91430
_aRIESGOS DEL TRABAJO
650 0 _91272
_aSALUD MENTAL
650 0 _92925
_aSUICIDIO
650 0 _95144
_aASEGURADOR POR RIESGOS DEL TRABAJO
773 0 _02711
_93168
_dCiudad Autónoma de Buenos Aires : Thomson Reuters La Ley, 1999-2002.
_tRevista de derecho del trabajo. Nº 2 - Marzo 2024
942 _2udc
_cANA